Drivers of the Bond Market Premium in Open and Small Economies around the Eurozone
Dopady nedávnych hospodárskych šokov - hospodárskej krízy z roku 2008, následnej krízy európskeho štátneho dlhu a súčasnej epidémie koronavírusu - na vývoj medzinárodných časových radov výnosov dlhopisov vo svetle menovej politiky, makro premenných a finančných trhov. Hlavný výsledok dokázal, že nek...
Saved in:
| Main Author: | |
|---|---|
| Other Authors: | |
| Format: | Book Chapter |
| Language: | English |
| Subjects: | |
| Tags: |
No Tags, Be the first to tag this record!
|
MARC
| LEADER | 00000naa a2200000 4500 | ||
|---|---|---|---|
| 001 | 0273319 | ||
| 005 | 20210428110837.2 | ||
| 041 | 0 | |a eng | |
| 044 | |a CZ | ||
| 245 | 1 | 0 | |a Drivers of the Bond Market Premium in Open and Small Economies around the Eurozone |c Mercédesz Mészáros, Gábor Kiss |
| 520 | |a Dopady nedávnych hospodárskych šokov - hospodárskej krízy z roku 2008, následnej krízy európskeho štátneho dlhu a súčasnej epidémie koronavírusu - na vývoj medzinárodných časových radov výnosov dlhopisov vo svetle menovej politiky, makro premenných a finančných trhov. Hlavný výsledok dokázal, že nekonvenčná menová politika vo vybraných analyzovaných krajinách zvýšila výnosové prémie. | ||
| 610 | 2 | 0 | |a šoky hospodárske |
| 610 | 2 | 0 | |a kríza hospodárska |
| 610 | 2 | 0 | |a pandémia |
| 610 | 2 | 0 | |a koronavírus |
| 610 | 2 | 0 | |a politika menová |
| 100 | 1 | |a Mészáros, Mercédesz | |
| 700 | 1 | |a Kiss, Gábor | |